Vplyv informačných a komunikačných technológií na cestovný ruch
Vplyv podnikových procesov technologickej revolúcie - zavádzaním informačných a komunikačných technológií (IKT) na cestovný ruch. Využitie najmä metódy korelačnej a regresnej analýzy, na základe ktorých boli identifikované priame lineárne závislosti medzi premennými: index IDI, počet zamestnancov a...
Salvato in:
| Autore principale: | |
|---|---|
| Altri autori: | |
| Natura: | Capitolo di libro |
| Lingua: | slovacco |
| Soggetti: | |
| Tags: |
Nessun Tag, puoi essere il primo ad aggiungerne!!
|
MARC
| LEADER | 00000nla a2200000 4500 | ||
|---|---|---|---|
| 001 | 0240065 | ||
| 005 | 20240502083643.8 | ||
| 041 | 0 | |a slo | |
| 044 | |a CZ | ||
| 245 | 1 | 0 | |a Vplyv informačných a komunikačných technológií na cestovný ruch |c Miroslava Čukanová, Katarína Benkovičová |
| 520 | |a Vplyv podnikových procesov technologickej revolúcie - zavádzaním informačných a komunikačných technológií (IKT) na cestovný ruch. Využitie najmä metódy korelačnej a regresnej analýzy, na základe ktorých boli identifikované priame lineárne závislosti medzi premennými: index IDI, počet zamestnancov a počet podnikov v sekcii I (Ubytovacie a stravovacie služby). | ||
| 610 | 2 | 0 | |a ruch cestovný |
| 610 | 2 | 0 | |a technológie informačné |
| 610 | 2 | 0 | |a technológie komunikačné |
| 610 | 2 | 0 | |a obchod elektronický |
| 610 | 2 | 0 | |a analýza korelačná |
| 610 | 2 | 0 | |a analýza regresná |
| 610 | 2 | 0 | |a indexy |
| 100 | 1 | |a Čukanová, Miroslava, 1984- | |
| 700 | 1 | |a Benkovičová, Katarína | |